| 000 | 01399cam a2200373 a 4500 | ||
|---|---|---|---|
| 999 |
_c1216 _d1216 |
||
| 001 | 13984848 | ||
| 003 | GZU | ||
| 005 | 20200930153539.0 | ||
| 008 | 050527s2005 enka b 001 0 eng | ||
| 010 | _a 2004099537 | ||
| 015 |
_aGBA478437 _2bnb |
||
| 016 | 7 |
_a013028487 _2Uk |
|
| 020 | _a0761944176 (pbk.) | ||
| 020 | _a0761944168 (hbk.) | ||
| 035 | _a(OCoLC)ocm56912190 | ||
| 040 |
_aUKM _cUKM _dBWKUK _dOCL _dBAKER _dDLC |
||
| 042 | _alccopycat | ||
| 050 | 0 | 0 |
_aH 62 _b.PUN 2005 |
| 082 | 0 | 4 |
_a300.72 _222 |
| 100 | 1 | _aPunch, Keith. | |
| 245 | 1 | 0 |
_aIntroduction to social research : _bquantitative and qualitative approaches / _cKeith F. Punch. |
| 250 | _a2nd ed. | ||
| 260 |
_aLondon ; _aThousand Oaks, Calif. : _bSAGE, _c2005. |
||
| 300 |
_axvi, 320 p. : _bill. ; _c25 cm. |
||
| 500 | _aPrevious ed.: 1998. | ||
| 504 | _aIncludes bibliographical references (p. [296]-308) and index. | ||
| 650 | 0 |
_aSocial sciences _xResearch. |
|
| 856 | 4 | 2 |
_3Publisher description _uhttp://www.loc.gov/catdir/enhancements/fy0657/2004099537-d.html |
| 856 | 4 | 1 |
_3Table of contents only _uhttp://www.loc.gov/catdir/enhancements/fy0657/2004099537-t.html |
| 906 |
_a7 _bcbc _ccopycat _d3 _encip _f20 _gy-gencatlg |
||
| 942 |
_2lcc _cBK _e2nd ed. _h62 _iPUN _kH |
||